Catálogo Biblioteca Central

Abordaje procesal penal de la delincuencia organizada (Registro nro. 232773)

Detalles MARC
000 -CABECERA
campo de control de longitud fija 00822naa a22002297i 4500
001 - NÚMERO DE CONTROL
campo de control 232773
003 - IDENTIFICADOR DEL NÚMERO DE CONTROL
campo de control ES-MaBCM
005 - FECHA Y HORA DE LA ÚLTIMA TRANSACCIÓN
campo de control 20260331115917.0
008 - CÓDIGOS DE INFORMACIÓN DE LONGITUD FIJA
campo de control de longitud fija 260331s2026 sp ||||| |||| 00| 0 spa d
040 ## - FUENTE DE LA CATALOGACIÓN
Centro transcriptor ES-MaBCM
100 1# - PUNTO DE ACCESO PRINCIPAL - NOMBRE DE PERSONA
Nombre de persona Morell Aldana, Laura Cristina
9 (RLIN) 125901
245 10 - MENCIÓN DE TÍTULO
Título Abordaje procesal penal de la delincuencia organizada
Mención de responsabilidad etc. Laura Cristina Morell Aldana
504 ## - NOTA DE BIBLIOGRAFÍA, ETC.
Nota de bibliografía etc. Incluye referencias bibliográficas
504 ## - NOTA DE BIBLIOGRAFÍA, ETC.
Nota de bibliografía etc. Incluye relación de referencias jurisprudenciales
650 #0 - PUNTO DE ACCESO ADICIONAL DE MATERIA--TÉRMINO DE MATERIA
Término de materia o nombre geográfico como elemento inicial Crimen organizado
9 (RLIN) 124860
650 #7 - PUNTO DE ACCESO ADICIONAL DE MATERIA--TÉRMINO DE MATERIA
Término de materia o nombre geográfico como elemento inicial Inteligencia artificial
9 (RLIN) 60275
650 #7 - PUNTO DE ACCESO ADICIONAL DE MATERIA--TÉRMINO DE MATERIA
Término de materia o nombre geográfico como elemento inicial Nueva tecnología
9 (RLIN) 60421
650 #7 - PUNTO DE ACCESO ADICIONAL DE MATERIA--TÉRMINO DE MATERIA
Término de materia o nombre geográfico como elemento inicial Derecho penal
9 (RLIN) 58346
650 #7 - PUNTO DE ACCESO ADICIONAL DE MATERIA--TÉRMINO DE MATERIA
Término de materia o nombre geográfico como elemento inicial Derecho procesal penal
9 (RLIN) 58355
773 0# - ENLACE AL DOCUMENTO FUENTE
Lugar editor y fecha de publicación Las Rozas, Madrid
Parte(s) relacionada(s) N. 10912 (26 de marzo de 2026) - Loc. En línea
Título Diario La Ley
Número de control del registro relacionado 213918
942 ## - ELEMENTOS DE PUNTO DE ACCESO ADICIONAL (KOHA)
Fuente del sistema de clasificación o colocación Universal Decimal Classification
Tipo de ítem Koha Artículos de revistas
Existencias
Estado de retiro Estado de pérdida Fuente del sistema de clasificación o colocación Estado dañado No para préstamo Localización permanente Ubicación/localización actual Ubicación en estantería Fecha de adquisición Total de préstamos Fecha visto por última vez Precio válido a partir de Tipo de ítem Koha
    Universal Decimal Classification     Biblioteca Central del Ministerio de la Presidencia Biblioteca Central del Ministerio de la Presidencia Sala 31/03/2026   31/03/2026 31/03/2026 Artículos de revistas